000 01152nam a2200241 i 4500
001 153533
003 ES-MaACL
005 20250928103352.0
008 941129m18971902sp |||| | spa d
040 _aCLM
_bspa
245 0 0 _aDocumentos cervantinos hasta ahora inéditos /
_crecogidos y anotados por Cristóbal Pérez Pastor.
260 _aMadrid :
_b[s.n.],
_c1897-1902 (
_fEstablecimiento Tipográfico de Fortanet)
300 _a2 v. (XVI, 432; VIII, 613 p.) :
_bil. ;
_c25 cm.
500 _aImpresa a expensas del Excmo. D. Manuel Pérez de Guzmán Boza, Marqués de Jerez de los Caballeros.
530 _aDisponible en formato digital.
600 1 4 _aCervantes Saavedra, Miguel de,
_d1547-1616.
_tDon Quijote de la Mancha-
_vBibliografías
_937615
700 1 _aPérez Pastor, Cristóbal,
_d1833-1908
_991076
700 1 _aPérez de Guzmán y Boza, Manuel,
_cMarqués de Jerez de los Caballeros.
_9128298
852 _aES-MaACL
_jC-2575-76
_z-- Rust.
852 _aES-MaACL
_jL-19140
_z.- Es el tomo II
856 _uhttp://bdh-rd.bne.es/viewer.vm?id=0000009707&page=1
_zBiblioteca Digital Hispánica
999 _c153533
_d153533